000 00952nam0a22002771 4500
001 rc\70080
005 20250620170549.0
035 _a(NLR Aleph) 005343110
090 _a6715063
_c6715063
100 _a20021216d1995 |||y0rusy50 ca
101 0 _arus
102 _aRU
105 _aa |||||||||
200 1 _aРазмерность реконструкции аттракторов и упорядочение ближайших соседей
210 _aМ.
_cИПМ
_d1995
215 _a12 с.
_cграф.
_d21
225 1 _aПрепринт
_fИн-т прикл. математики им. М.В. Келдыша Рос. АН
_v№ 8
300 _aРез. на англ. яз.
320 _aБиблиогр.: с. 11-12
700 1 _aЕршов
_bС.В.
701 1 _aПотапов
_bА.Б.
_gАлексей Борисович
801 0 _aRU
_bNLR
_gpsbo
801 1 _aRU
_bELAR
_2rusmarc
852 _aNLR
_j95-4/6493
942 _cBOOK
980 _aNB